000 00593nam a2200229Ia 4500
003 OSt
005 20221006164826.0
006 a|||||r|||| 00| 0
007 ta
008 221006b |||||||| |||| 00| 0 eng d
024 _a2,006
037 _cTextual
040 _aFML
_cFML
_beng
041 _2eng
_aeng
082 _aV2 ' C, K11
100 _aPiggot Stuart Au.
_9678425
245 0 _aPre Historic India
260 _aMiddlesex
_bPenguin Books Ltd
_c1961
300 _a293
_ccm.
942 _hV2 ' C, K11
_cTEXL
_2CC
999 _c1118616
_d1118616